00822nam a2200205 u 450000100100000000500170001000800410002704000250006808200150009310000300010824501280013826000440026630000270031050000730033750400310041065000350044165000350047665000540051165100510056500001972120200929170120.0100705s2001 dr r 000 0 spa d aDO-SdBNPbspacBNPHU a332bR177m1 aRamírez Solano, Ernesto10aMoneda, banca y mercados financieros :binstituciones e instrumentos en países en desarrollo /cErnesto Ramírez Solano. aMéxico :bPearson Educación,c2001. a474 p. :bil ;c23 cm. aIncluye referencias bibliográficas y notas al pie de las páginas aBbliografía : p. 463-474 4aMonedazPaíses En Desarrollo 4aBancoszPaíses En Desarrollo 4aInstituciones financieraszPaíses En Desarrollo 4aPaíses En DesarrolloxPolítica Económica